Güneydoğu Anadolu Projesi (GAP) (Record no. 8845)

MARC details
000 -BAŞLIK
Sabit Uzunlukta Kontrol Alanı 00870na a2200265 4500
001 - KONTROL NUMARASI
Denetim Alanı 19251
003 - KONTROL NUMARASI IDENTIFIER
Denetim Alanı MIRAKIL
005 - SON İŞLEM TARİHİ VE ZAMANI
Denetim Alanı 20181213155226.0
008 - SABİT-BOY VERİ ELEMANLARI - GENEL BİLGİLER
Sabit Uzunlukta Kontrol Alanı 161212b tu 000 0
035 ## - SİSTEM KONTROL NUMARASI
Sistem Kontrol Numarası 19251
040 ## - KATALOGLAMA KAYNAK
Orijinal Kataloglama Ajansı Milas
Kataloglama Dili tur
Metne Dönüştürmek Ajansı TR-AnCHP
041 ## - DİL KODU
Metin / Ses Parça Veya Ayrı Başlığın Dil Kodu tur
082 ## - DEWEY ONLU SINIFLANDIRMA NUMARASI
Sınıflandırma Numarası 338.95667
Ürün Numarası G95 1993
090 ## - SINIFLAMA NUMARASI
Sınıflama Numarası 338.95667 G95 1993
245 ## - BAŞLIK TABLOSU
Başlık Güneydoğu Anadolu Projesi (GAP)
Başlığın Kalan (Uluaslararası, ulusal, bölge ölçeğindeki yeri ve önemi)
Sorumluluk Tablosu, Vb Hazırlayanlar Duran Taraklı
246 ## - UNVAN FORM VARYING
Başlık Doğru / Kısa Başlığı Uluaslararası, ulusal, bölge ölçeğindeki yeri ve önemi
260 ## - YAYIN, DAĞITIM, VB
Yayın, Dağıtım, Vb Yeri [y.y.]
Yayıncı, Dağıtıcı, Vs Adı TÜSES Yayınları
Yayın, Dağıtım, Vb Tarihi 1993
300 ## - FİZİKSEL TANIM
Kapsam 41 s.
Boyutlar 30 sm.
504 ## - KAYNAKÇA VB NOT
Kaynakça Vb Notu Kaynakça var.
650 ## - KONU KATMA GİRİŞ - TOPİKAL DÖNEM
Topikal Süreli Veya Coğrafi Ad Giriş Elemanı GAP
Genel Alt Bölümü Bölgesel kalkınma
650 ## - KONU KATMA GİRİŞ - TOPİKAL DÖNEM
Topikal Süreli Veya Coğrafi Ad Giriş Elemanı GAP
Genel Alt Bölümü Politikalar
700 ## - KATMA GİRİŞ - KİŞİSEL İSİM
Kişisel Ad Taraklı, Duran
830 ## - SERİSİ EKLENDİ GİRİŞ - ÜNİFORM ADI
Üniforma Başlık Türkiye Sosyal Ekonomik Siyasal Araştırmalar Vakfı Yayınları
942 ## - EKLENDİ GİRİŞ ELEMANLARI (KOHA)
Sınıflandırma Veya Raf Düzeni Kaynak Dewey Decimal Classification
Koha Öğesi Türü Books
999 ## - SİSTEM KONTROL NUMARALARI (KOHA)
Koha Biblionumber 8845
Koha Biblioitemnumber 8845
Holdings
Kalıcı Konum Mevcut Konum Edinme Tarihi Edinim Kaynak Toplam Check-Out'Lar Tam Çağrı Numarası Barkod Tarih Son Görülme İtibaren Geçerli Fiyatlar Koha Öğesi Türü
CHP Kütüphanesi CHP Kütüphanesi 12/12/2016 Bağış   338.95667 G95 1993 011510 12/12/2016 12/12/2016 Books